| 000 | 01558nam a2200217Ia 4500 | ||
|---|---|---|---|
| 003 | Ost | ||
| 005 | 20260507075259.0 | ||
| 008 | 260507s9999||||xx |||||||||||||| ||und|| | ||
| 040 | _cfsecg | ||
| 041 | _aara | ||
| 082 | _a330 | ||
| 100 |
_aحنفي، عبد الغفار _eمؤلف |
||
| 245 | 0 |
_aالادارة المالية : _bمدخل اتخاذ القرارات / _c عبد الغفار حنفي |
|
| 260 |
_aالاسكندرية: _bمؤسسة شباب الجامعة, _c2007 |
||
| 300 |
_a712 صفحة؛ _bإيضاحات ؛ _c24 سم |
||
| 520 | _aمقدمة في الادارة المالية و دور الوظيفة المالية بالمشروع ، التحليل المالي و التخطيط المالي و الرقابة ، سياسات توزيع الارباح ، مفهوم و خصائص الانفاق الرأسمالي و أساليب تقييم الاقتراحات الاستثمارية في ظروف الثبات و التأكد ، المفاضلة بين الاقتراحات الاستثمارية في ظروف التغيير و عدم التأكد ، تكلفة الاموال و اتخاذ قرارات الاستثمار ، التمويل الداخلي و الخارجي و منهج قياس تكلفته ، التكلفة المرجحة للأموالكمنهج للتقييم و المفاضلة لمشروعات الاستثمار و اخيرا التمويل قصير و طويل الاجل. | ||
| 653 | _aاتخاذ القرارات | ||
| 653 | _aالادارة | ||
| 653 | _aالمالية | ||
| 942 | _cكتاب | ||
| 999 |
_c43779 _d43779 |
||